[Event "St Petersburg op"]
[Site "St Petersburg"]
[Date "2007.11.03"]
[Round "8"]
[White "Smirnov, Vladimir G"]
[Black "Koniukhov, Vladimir"]
[Result "1/2-1/2"]
[WhiteElo "1956"]
[BlackElo "2048"]
[PlyCount "45"]
[EventDate "2007.10.27"]
[EventType "swiss"]
[EventRounds "9"]
[EventCountry "RUS"]
[SourceTitle "CBM 121 Extra"]
[Source "ChessBase"]
[SourceDate "2008.01.10"]
[SourceVersion "1"]
[SourceVersionDate "2008.01.10"]
[SourceQuality "1"]

1. d4 Nf6 2. c4 e6 3. e3 d5 4. Nf3 Ne4 5. Bd3 f5 6. 0-0 Be7 7. Ne5 0-0 8. Nc3 Nxc3 9. bxc3 Nd7 10. Nxd7 Bxd7 11. cxd5 exd5 12. Qb3 Bc6 13. a4 a6 14. a5 Kh8 15. Ba3 Bxa3 16. Qxa3 Qd7 17. Rab1 Rae8 18. Qc5 Rf6 19. Rfe1 Qe6 20. g3 Qf7 21. Bf1 Qe6 22. h3 Qd7 23. Bg2 1/2-1/2

[Event "St Petersburg op"]
[Site "St Petersburg"]
[Date "2007.10.31"]
[Round "5"]
[White "Smirnov, Vladimir G"]
[Black "Efremova, Daria"]
[Result "1-0"]
[WhiteElo "1956"]
[BlackElo "2047"]
[PlyCount "61"]
[EventDate "2007.10.27"]
[EventType "swiss"]
[EventRounds "9"]
[EventCountry "RUS"]
[SourceTitle "CBM 121 Extra"]
[Source "ChessBase"]
[SourceDate "2008.01.10"]
[SourceVersion "1"]
[SourceVersionDate "2008.01.10"]
[SourceQuality "1"]

1. d4 Nf6 2. c4 g6 3. Nc3 Bg7 4. e4 0-0 5. Be3 d6 6. f3 Nbd7 7. Nh3 e5 8. d5 a5 9. Qd2 Nc5 10. Nf2 Ne8 11. g4 Bd7 12. Be2 c6 13. h4 Nc7 14. dxc6 Bxc6 15. Rd1 N7e6 16. Qxd6 Qb6 17. Qd2 Rad8 18. Nd5 Bxd5 19. cxd5 Nd4 20. h5 Rc8 21. Rc1 Na4 22. Nd1 Rxc1 23. Qxc1 Nxe2 24. Kxe2 Qa6+ 25. Kf2 f5 26. gxf5 gxf5 27. exf5 Qd3 28. f6 Qxd5 29. Rg1 Rxf6 30. Qc8+ Kf7 31. Qg4 1-0

[Event "St Petersburg op"]
[Site "St Petersburg"]
[Date "2007.10.30"]
[Round "4"]
[White "Alekseenko, Kirill"]
[Black "Smirnov, Vladimir G"]
[Result "1/2-1/2"]
[WhiteElo "2052"]
[BlackElo "1956"]
[PlyCount "122"]
[EventDate "2007.10.27"]
[EventType "swiss"]
[EventRounds "9"]
[EventCountry "RUS"]
[SourceTitle "CBM 121 Extra"]
[Source "ChessBase"]
[SourceDate "2008.01.10"]
[SourceVersion "1"]
[SourceVersionDate "2008.01.10"]
[SourceQuality "1"]

1. e4 c5 2. Nf3 e6 3. d4 cxd4 4. Nxd4 a6 5. c4 Nf6 6. f3 Nc6 7. a3 Qb6 8. Nc2 Be7 9. Nc3 0-0 10. Be2 Rd8 11. b4 d6 12. Be3 Qc7 13. 0-0 Ne5 14. Na4 Ned7 15. Nd4 b6 16. Qb3 Bb7 17. Rfc1 Rac8 18. Rab1 Qb8 19. Nc3 h6 20. a4 Qa8 21. Ra1 d5 22. exd5 exd5 23. Nf5 Bf8 24. cxd5 Bxd5 25. Nxd5 Rxc1+ 26. Rxc1 Qxd5 27. Qb1 b5 28. Rd1 Qe5 29. Rd2 Re8 30. g3 Qc3 31. Kf2 Qxb4 32. Qxb4 Bxb4 33. Rb2 Bc5 34. Bxc5 Nxc5 35. axb5 axb5 36. Rxb5 Ne6 37. Rb7 Rd8 38. Ne7+ Kf8 39. Nc6 Rc8 40. Ne5 Nd8 41. Ra7 Ne8 42. Bc4 Nd6 43. Bb3 Rc3 44. Ba2 g6 45. g4 Nc6 46. Nxc6 Rxc6 47. Kg3 Kg7 48. Rd7 Kf6 49. h4 Rb6 50. Rc7 Ra6 51. Bd5 Ra5 52. Bb3 Rb5 53. Bc2 Rb7 54. Rc5 Rb5 55. Rc6 Ke7 56. Ba4 Rb4 57. Rc7+ Kf6 58. Bd1 Rb1 59. Be2 Rb6 60. Kf2 Rb7 61. Rc5 Rb3 1/2-1/2

[Event "St Petersburg White Nights op"]
[Site "St Petersburg"]
[Date "2007.07.03"]
[Round "9"]
[White "Khatenever, Feliks"]
[Black "Smirnov, Vladimir G"]
[Result "1/2-1/2"]
[WhiteElo "1981"]
[BlackElo "1891"]
[PlyCount "41"]
[EventDate "2007.06.25"]
[EventType "swiss"]
[EventRounds "9"]
[EventCountry "RUS"]
[SourceTitle "CBM 119 Extra"]
[Source "ChessBase"]
[SourceDate "2007.09.04"]
[SourceVersion "1"]
[SourceVersionDate "2007.09.04"]
[SourceQuality "1"]

1. d4 Nf6 2. Nf3 b6 3. g3 Bb7 4. Bg2 e6 5. 0-0 Be7 6. c4 0-0 7. Nc3 d5 8. cxd5 exd5 9. Ne5 c6 10. Re1 Nbd7 11. Bf4 Re8 12. Rc1 Bb4 13. e3 Nxe5 14. dxe5 Nd7 15. e4 dxe4 16. Bxe4 Nc5 17. Qf3 Nxe4 18. Qxe4 Qe7 19. Qf5 Bc8 20. Qe4 Bb7 21. Red1 1/2-1/2

[Event "St Petersburg White Nights op"]
[Site "St Petersburg"]
[Date "2007.06.25"]
[Round "1"]
[White "Smirnov, Vladimir G"]
[Black "Ivkina, Olga"]
[Result "0-1"]
[WhiteElo "1891"]
[BlackElo "2198"]
[PlyCount "90"]
[EventDate "2007.06.25"]
[EventType "swiss"]
[EventRounds "9"]
[EventCountry "RUS"]
[SourceTitle "CBM 119 Extra"]
[Source "ChessBase"]
[SourceDate "2007.09.04"]
[SourceVersion "1"]
[SourceVersionDate "2007.09.04"]
[SourceQuality "1"]

1. d4 Nf6 2. c4 g6 3. Nc3 Bg7 4. e4 d6 5. f3 0-0 6. Be3 Nc6 7. Qd2 a6 8. Bd3 e5 9. d5 Nd4 10. Nge2 Nd7 11. 0-0 Rb8 12. Rac1 c5 13. dxc6 bxc6 14. Bb1 Qb6 15. b3 Bh6 16. f4 Bg7 17. Rcd1 Nc5 18. Nxd4 exd4 19. Bxd4 Bg4 20. Bxg7 Nxb3+ 21. Qf2 Kxg7 22. Rxd6 Qxf2+ 23. Rxf2 Na5 24. c5 Rfc8 25. h3 Be6 26. f5 Bc4 27. h4 Rd8 28. h5 gxh5 29. Rf3 Rxd6 30. cxd6 Kf6 31. Rh3 Ke5 32. Bd3 Rd8 33. Bxc4 Nxc4 34. Rxh5 Rxd6 35. Rxh7 Kd4 36. Ne2+ Ke3 37. Ng3 Ne5 38. Rh4 c5 39. Nf1+ Kd3 40. Rh3+ Kxe4 41. Rc3 Kd4 42. Rh3 c4 43. Nd2 c3 44. Nb3+ Kc4 45. Re3 Rd1+ 0-1

[Event "Spring on Petrograd Side"]
[Site "St Petersburg"]
[Date "2007.04.17"]
[Round "7"]
[White "Smirnov, Vladimir G"]
[Black "Stroganov, Anatoly"]
[Result "1-0"]
[WhiteElo "1891"]
[BlackElo "1933"]
[PlyCount "99"]
[EventDate "2007.04.09"]
[EventType "swiss"]
[EventRounds "9"]
[EventCountry "RUS"]
[SourceTitle "EXT 2008"]
[Source "ChessBase"]
[SourceDate "2007.11.25"]
[SourceVersion "1"]
[SourceVersionDate "2007.11.25"]
[SourceQuality "1"]

1. d4 Nf6 2. c4 e6 3. Nc3 Bb4 4. Qb3 Bxc3+ 5. Qxc3 Ne4 6. Qc2 f5 7. e3 b6 8. Nf3 Nc6 9. a3 Bb7 10. Nd2 Ne7 11. f3 Nf6 12. Bd3 d5 13. c5 0-0 14. 0-0 bxc5 15. Qxc5 Nd7 16. Qc2 Nb6 17. b4 c6 18. Nb3 Bc8 19. Bd2 Rf6 20. Be1 Bd7 21. a4 h6 22. Bg3 g5 23. a5 Nc4 24. Rae1 Nxe3 25. Rxe3 f4 26. Bxf4 gxf4 27. Re5 Rb8 28. Qd2 c5 29. Nxc5 Nc6 30. Na6 Ra8 31. Ree1 Kg7 32. Bc2 Rc8 33. Nc5 Qc7 34. Ba4 Qd6 35. Rc1 Be8 36. Rfe1 Ne7 37. Nxe6+ Rxe6 38. Rxc8 Bxa4 39. Rcc1 Nf5 40. Rxe6 Qxe6 41. Qxf4 Qe3+ 42. Qxe3 Nxe3 43. Rc7+ Kf6 44. Rxa7 Nc2 45. Ra6+ Kg5 46. Rd6 Bb3 47. a6 Nxd4 48. a7 Nb5 49. a8Q Nxd6 50. Qd8+ 1-0

[Event "Spring on Petrograd Side"]
[Site "St Petersburg"]
[Date "2007.04.11"]
[Round "3"]
[White "Smirnov, Vladimir G"]
[Black "Voronenkov, Sergey"]
[Result "1/2-1/2"]
[WhiteElo "1891"]
[BlackElo "1980"]
[PlyCount "74"]
[EventDate "2007.04.09"]
[EventType "swiss"]
[EventRounds "9"]
[EventCountry "RUS"]
[SourceTitle "EXT 2008"]
[Source "ChessBase"]
[SourceDate "2007.11.25"]
[SourceVersion "1"]
[SourceVersionDate "2007.11.25"]
[SourceQuality "1"]

1. d4 d5 2. Nf3 c6 3. e3 Bf5 4. c4 e6 5. Bd3 Bxd3 6. Qxd3 Nf6 7. 0-0 Nbd7 8. b3 Bd6 9. Ba3 Bxa3 10. Nxa3 0-0 11. Rac1 Re8 12. cxd5 exd5 13. Nb1 Ne4 14. Nc3 Ndf6 15. b4 a6 16. Na4 Nd6 17. Nc5 a5 18. bxa5 Qxa5 19. Rc2 Nfe4 20. Rb1 Nxc5 21. dxc5 Nb5 22. Rbb2 Re4 23. g3 Ra4 24. Qf5 Qc7 25. Ng5 g6 26. Qf6 Na3 27. Re2 Nc4 28. Rbc2 h6 29. Nf3 R8a5 30. h4 Rxc5 31. h5 Rca5 32. hxg6 fxg6 33. Qxg6+ Qg7 34. Qe6+ Kh7 35. Qf5+ Qg6 36. Qd7+ Qg7 37. Qf5+ Qg6 1/2-1/2

[Event "St Petersburg-ch qf Seniors 80th"]
[Site "St Petersburg"]
[Date "2006.11.23"]
[Round "1"]
[White "Smirnov, Vladimir G"]
[Black "Bedenko, Aleksandr"]
[Result "1/2-1/2"]
[WhiteElo "1876"]
[BlackElo "2126"]
[PlyCount "83"]
[EventDate "2006.11.23"]
[EventType "swiss"]
[EventRounds "10"]
[EventCountry "RUS"]
[SourceTitle "EXT 2019"]
[Source "ChessBase"]
[SourceDate "2018.10.10"]
[SourceVersion "1"]
[SourceVersionDate "2018.10.10"]
[SourceQuality "1"]

1. d4 Nf6 2. c4 g6 3. Nc3 d5 4. e3 Bg7 5. b4 0-0 6. Qb3 c6 7. Nf3 e6 8. Be2 Nbd7 9. 0-0 h6 10. a4 Ne4 11. cxd5 exd5 12. Nxe4 dxe4 13. Nd2 Nf6 14. Bc4 Bf5 15. Ba3 Qd7 16. b5 Rfe8 17. Rfc1 Rac8 18. Bc5 Ra8 19. Rab1 Be6 20. bxc6 bxc6 21. Qb7 Bd5 22. Qxd7 Nxd7 23. Bxd5 cxd5 24. Rb7 Nxc5 25. Rxc5 Rec8 26. Rxa7 Rxa7 27. Rxc8+ Bf8 28. Rd8 Rxa4 29. Rxd5 Ra1+ 30. Nf1 Kg7 31. f3 exf3 32. gxf3 f5 33. Rb5 Bd6 34. Rb2 Rd1 35. Kf2 Kf6 36. Ke2 Ra1 37. e4 Bf4 38. Ng3 Rg1 39. Kf2 Rd1 40. exf5 gxf5 41. Rb6+ Kg5 42. h4+ 1/2-1/2

[Event "St Petersburg Autumn op"]
[Site "St Petersburg"]
[Date "2006.11.05"]
[Round "6"]
[White "Smirnov, Vladimir G"]
[Black "Kobzar, Alexandr"]
[Result "0-1"]
[WhiteElo "1876"]
[BlackElo "2092"]
[PlyCount "52"]
[EventDate "2006.10.31"]
[EventType "swiss"]
[EventRounds "9"]
[EventCountry "RUS"]
[SourceTitle "EXT 2007"]
[Source "ChessBase"]
[SourceDate "2006.11.23"]
[SourceVersion "1"]
[SourceVersionDate "2006.11.23"]
[SourceQuality "1"]

1. d4 Nf6 2. c4 c5 3. Nf3 cxd4 4. Nxd4 e5 5. Nf3 Nc6 6. e3 e4 7. Nd4 Ne5 8. Nc3 d5 9. cxd5 Bd6 10. Bb5+ Bd7 11. 0-0 Bxb5 12. Ndxb5 Bb8 13. f3 exf3 14. gxf3 a6 15. Na3 Qd6 16. f4 Ned7 17. Qf3 b5 18. Nc2 h5 19. e4 Ng4 20. h3 b4 21. Ne2 Ba7+ 22. Kg2 Qg6 23. Kh1 Nf2+ 24. Rxf2 Bxf2 25. Nxb4 0-0 26. Nc3 Qg1# 0-1

[Event "St Petersburg Autumn op"]
[Site "St Petersburg"]
[Date "2006.11.04"]
[Round "5"]
[White "Tokareva, Tatiana"]
[Black "Smirnov, Vladimir G"]
[Result "0-1"]
[WhiteElo "2000"]
[BlackElo "1876"]
[PlyCount "86"]
[EventDate "2006.10.31"]
[EventType "swiss"]
[EventRounds "9"]
[EventCountry "RUS"]
[SourceTitle "EXT 2007"]
[Source "ChessBase"]
[SourceDate "2006.11.23"]
[SourceVersion "1"]
[SourceVersionDate "2006.11.23"]
[SourceQuality "1"]

1. d4 Nf6 2. c4 e6 3. Nf3 b6 4. a3 Bb7 5. Nc3 Be7 6. Bg5 d5 7. e3 0-0 8. Rc1 h6 9. Bh4 Ne4 10. Bxe7 Qxe7 11. Bd3 Nxc3 12. Rxc3 dxc4 13. Bxc4 Nd7 14. 0-0 c5 15. dxc5 Nxc5 16. Qe2 Rac8 17. Rcc1 Qf6 18. Nd4 Qg5 19. f3 a6 20. b4 Na4 21. Rfe1 b5 22. Bb3 Nc3 23. Qd3 Nd5 24. Bxd5 Bxd5 25. Rxc8 Rxc8 26. e4 Bc4 27. Qe3 Rd8 28. f4 Qf6 29. e5 Qg6 30. Rd1 Bd5 31. Nf3 Rc8 32. g3 Qc2 33. Rd2 Qc1+ 34. Kf2 Rc3 35. Rd3 Qc2+ 36. Rd2 Rxe3 37. Rxc2 Rxf3+ 38. Ke2 Rxa3 39. Rc8+ Kh7 40. Rc7 Kg6 41. Ra7 Ra2+ 42. Kd3 Rxh2 43. Rxa6 Rg2 0-1